English to French Click Quiz: Foods - Statistics

General Stats
  • This quiz has been taken 698 times
  • The average score is 37 of 50
Answer Stats
Hint Answer % Correct
pizza pizza
91%
chocolate chocolat
90%
yogurt yaourt
89%
cheese fromage
88%
bread pain
87%
sugar sucre
87%
beef bœuf
86%
cream crème
86%
onion oignon
86%
rice riz
86%
salt sel
86%
milk lait
85%
apple pomme
85%
potato pomme de terre
85%
chicken poulet
85%
banana banane
84%
egg œuf
84%
lemon citron
83%
butter beurre
82%
cake gâteau
81%
ham jambon
81%
peach pêche
81%
fish poisson
80%
mushroom champignon
79%
pineapple ananas
78%
cookie biscuit
78%
strawberry fraise
78%
candy bonbon
77%
cherry cerise
77%
ice cream glace
76%
spice épice
74%
lettuce laitue
74%
grape raisin
71%
zucchini courgette
70%
corn maïs
68%
pie tarte
68%
honey miel
67%
pepper poivron
65%
grapefruit pamplemousse
64%
bean haricot
62%
garlic ail
61%
donut beignet
59%
oil huile
59%
shrimp crevette
56%
pasta pâtes
56%
waffle gaufre
50%
turkey dinde
49%
lobster homard
46%
watermelon pastèque
45%
oyster huître
42%
No matching quizzes found
Score Distribution
Percent of People with Each Score
Percentile by Number Answered
Your Score History
You have not taken this quiz